<?xml version="1.0" encoding="UTF-8"?>
<record
    xmlns:xsi="http://www.w3.org/2001/XMLSchema-instance"
    xsi:schemaLocation="http://www.loc.gov/MARC21/slim http://www.loc.gov/standards/marcxml/schema/MARC21slim.xsd"
    xmlns="http://www.loc.gov/MARC21/slim">

  <leader>00853nam a22002297a 4500</leader>
  <controlfield tag="005">20240530110351.0</controlfield>
  <controlfield tag="008">141223s2009    ua d   g b    000 0 ara d</controlfield>
  <datafield tag="017" ind1=" " ind2=" ">
    <subfield code="a">2008/24044</subfield>
    <subfield code="b">&#x645;&#x635;&#x631; . &#x62F;&#x627;&#x631; &#x627;&#x644;&#x643;&#x62A;&#x628; &#x627;&#x644;&#x645;&#x635;&#x631;&#x64A;&#x629;</subfield>
  </datafield>
  <datafield tag="020" ind1=" " ind2=" ">
    <subfield code="a">9773162907</subfield>
  </datafield>
  <datafield tag="040" ind1=" " ind2=" ">
    <subfield code="a">EG-CaGPL</subfield>
  </datafield>
  <datafield tag="041" ind1="0" ind2=" ">
    <subfield code="a">ara</subfield>
  </datafield>
  <datafield tag="082" ind1="0" ind2="4">
    <subfield code="2">21</subfield>
    <subfield code="a">371.91\</subfield>
    <subfield code="b">&#x641; &#x62F;</subfield>
  </datafield>
  <datafield tag="100" ind1="0" ind2=" ">
    <subfield code="a">&#x641;&#x62A;&#x62D;&#x649; &#x645;&#x635;&#x637;&#x641;&#x649; &#x627;&#x644;&#x632;&#x64A;&#x627;&#x62A; </subfield>
  </datafield>
  <datafield tag="245" ind1="1" ind2="0">
    <subfield code="a">&#x62F;&#x645;&#x62C; &#x630;&#x648;&#x649; &#x627;&#x644;&#x627;&#x62D;&#x62A;&#x64A;&#x627;&#x62C;&#x627;&#x62A; &#x627;&#x644;&#x62E;&#x627;&#x635;&#x629; :</subfield>
    <subfield code="b">( &#x627;&#x644;&#x641;&#x644;&#x633;&#x641;&#x629; &#x648; &#x627;&#x644;&#x645;&#x646;&#x647;&#x62C; &#x648; &#x627;&#x644;&#x627;&#x644;&#x64A;&#x627;&#x62A; )</subfield>
    <subfield code="c">&#x62A;&#x627;&#x644;&#x64A;&#x641; &#x641;&#x62A;&#x62D;&#x649; &#x645;&#x635;&#x637;&#x641;&#x649; &#x627;&#x644;&#x632;&#x64A;&#x627;&#x62A; </subfield>
  </datafield>
  <datafield tag="250" ind1=" " ind2=" ">
    <subfield code="a">&#x637;1</subfield>
  </datafield>
  <datafield tag="260" ind1=" " ind2=" ">
    <subfield code="a">&#x627;&#x644;&#x642;&#x627;&#x647;&#x631;&#x629; :</subfield>
    <subfield code="b">&#x62F;&#x627;&#x631; &#x627;&#x644;&#x646;&#x634;&#x631; &#x644;&#x644;&#x62C;&#x627;&#x645;&#x639;&#x627;&#x62A; &#x60C;</subfield>
    <subfield code="c">2009</subfield>
  </datafield>
  <datafield tag="300" ind1=" " ind2=" ">
    <subfield code="a">694 &#x635; :</subfield>
    <subfield code="b">&#x62C;&#x62F;&#x627;&#x648;&#x644; &#x61B;</subfield>
    <subfield code="c">24 &#x633;&#x645;</subfield>
  </datafield>
  <datafield tag="504" ind1=" " ind2=" ">
    <subfield code="a">&#x628;&#x628;&#x644;&#x64A;&#x648;&#x62C;&#x631;&#x627;&#x641;&#x64A;&#x629; : &#x635; 673 -694</subfield>
  </datafield>
  <datafield tag="650" ind1="0" ind2="4">
    <subfield code="a">&#x627;&#x644;&#x645;&#x639;&#x648;&#x642;&#x648;&#x646;</subfield>
    <subfield code="x">&#x62A;&#x639;&#x644;&#x64A;&#x645;</subfield>
  </datafield>
  <datafield tag="942" ind1=" " ind2=" ">
    <subfield code="2">ddc</subfield>
    <subfield code="c">BK</subfield>
  </datafield>
  <datafield tag="999" ind1=" " ind2=" ">
    <subfield code="c">60076</subfield>
    <subfield code="d">60076</subfield>
  </datafield>
  <datafield tag="952" ind1=" " ind2=" ">
    <subfield code="0">0</subfield>
    <subfield code="1">0</subfield>
    <subfield code="4">0</subfield>
    <subfield code="7">0</subfield>
    <subfield code="a">CAI</subfield>
    <subfield code="b">CAI</subfield>
    <subfield code="d">2014-12-23</subfield>
    <subfield code="l">0</subfield>
    <subfield code="o">371.91\ &#x641; &#x62F;</subfield>
    <subfield code="p">159065</subfield>
    <subfield code="r">2014-12-23 00:00:00</subfield>
    <subfield code="w">2014-12-23</subfield>
    <subfield code="y">BK</subfield>
  </datafield>
</record>
